000 00400nam a2200169Ia 4500
001 354
003 NUMERAZIONE-ORIGINALE-BRESCIA
005 20260206230752.0
008 260206s9999 xx 000 0 und d
100 _aDe Marchi Andrea
245 0 _aI fuochi di San Giovanni
260 _aMilano
260 _bRizzoli
260 _c2001
500 _aLa scala - sintonie
942 _2ddc
_cBK
_n0
999 _c24217
_d24217